Ličnoje podsobnoje chozjajstvo Kooperacija i integracija

Salvato in:
Dettagli Bibliografici
Autore principale: Popova, Ol'ga Leont'jevna
Natura: Libro
Lingua:russo
Pubblicazione: Kijev Naukova dumka 1991
Edizione:1. izd.
Tags: Aggiungi Tag
Nessun Tag, puoi essere il primo ad aggiungerne!!

MARC

LEADER 00000nam a2200000 4500
001 c032519
005 20221214101629.8
041 0 |a rus 
044 |a UA 
245 1 0 |a Ličnoje podsobnoje chozjajstvo  |b Kooperacija i integracija  |c Ol'ga Leont'jevna Popova 
250 |a 1. izd. 
264 1 |a Kijev  |b Naukova dumka  |c 1991 
300 |a 78 s. 
100 1 |a Popova, Ol'ga Leont'jevna